[Event "Hannover Region-ch"]
[Site "Hannover"]
[Date "2008.01.12"]
[Round "1"]
[White "Leon Villagra, Pablo"]
[Black "Schulze, Torben"]
[Result "1/2-1/2"]
[WhiteElo "1659"]
[BlackElo "2099"]
[PlyCount "54"]
[EventDate "2008.01.12"]
[EventType "swiss"]
[EventRounds "7"]
[EventCountry "GER"]
[SourceTitle "EXT 2021"]
[Source "ChessBase"]
[SourceDate "2020.10.23"]
[SourceVersion "1"]
[SourceVersionDate "2020.10.23"]
[SourceQuality "1"]

1. e4 e5 2. Nf3 d6 3. d4 exd4 4. Nxd4 Nf6 5. Nc3 Be7 6. Bf4 0-0 7. Qd2 c6 8. 0-0-0 b5 9. f3 b4 10. Nce2 c5 11. Nf5 Bxf5 12. exf5 d5 13. g4 d4 14. Ng3 Nd5 15. Ne4 Qa5 16. Bc4 Nc3 17. Nxc3 bxc3 18. Qe2 Nc6 19. g5 Kh8 20. h4 Rae8 21. Rde1 Qb6 22. Bb3 Na5 23. f6 gxf6 24. gxf6 c4 25. fxe7 Rg8 26. Rhg1 cxb3 27. axb3 cxb2+ 1/2-1/2

[Event "Hannover-chB"]
[Site "Bueckeburg"]
[Date "2007.11.03"]
[Round "6"]
[White "Tenninger, Joerg"]
[Black "Leon Villagra, Pablo"]
[Result "0-1"]
[WhiteElo "1637"]
[BlackElo "1525"]
[PlyCount "54"]
[EventDate "2007.11.01"]
[EventType "swiss"]
[EventRounds "7"]
[EventCountry "GER"]
[SourceTitle "EXT 2021"]
[Source "ChessBase"]
[SourceDate "2020.10.23"]
[SourceVersion "1"]
[SourceVersionDate "2020.10.23"]
[SourceQuality "1"]

1. d4 d5 2. c4 c6 3. Nc3 Nf6 4. Nf3 e6 5. e3 Nbd7 6. Be2 dxc4 7. Bxc4 b5 8. Bd3 Bb7 9. 0-0 a6 10. Bd2 c5 11. dxc5 Bxc5 12. Be2 0-0 13. a3 Rc8 14. Rc1 Qe7 15. Na2 Rfd8 16. Ba5 Bb6 17. Rxc8 Rxc8 18. Bxb6 Nxb6 19. Nb4 Nfd5 20. Nd3 Nc4 21. Nd2 Ncxe3 22. fxe3 Nxe3 23. Qe1 Nxf1 24. Qxf1 e5 25. Nb1 e4 26. Nf4 Qc5+ 27. Kh1 Qc1 0-1

[Event "Hannover-chB"]
[Site "Bueckeburg"]
[Date "2007.11.01"]
[Round "2"]
[White "Zucker, Stefan"]
[Black "Leon Villagra, Pablo"]
[Result "1/2-1/2"]
[WhiteElo "1762"]
[BlackElo "1525"]
[PlyCount "47"]
[EventDate "2007.11.01"]
[EventType "swiss"]
[EventRounds "7"]
[EventCountry "GER"]
[SourceTitle "EXT 2021"]
[Source "ChessBase"]
[SourceDate "2020.10.23"]
[SourceVersion "1"]
[SourceVersionDate "2020.10.23"]
[SourceQuality "1"]

1. e4 d5 2. exd5 Qxd5 3. Nc3 Qa5 4. b4 Qxb4 5. Rb1 Qd6 6. Nf3 Nf6 7. d4 g6 8. Bc4 c6 9. Ng5 e6 10. 0-0 Bg7 11. Rb3 b5 12. Ba3 Qd8 13. Bd3 a5 14. Bc5 Na6 15. Qf3 Nxc5 16. Qxc6+ Bd7 17. Qxc5 Rc8 18. Qa7 Rxc3 19. Rxc3 Nd5 20. Ne4 Nxc3 21. Nxc3 0-0 22. Bxb5 Bxb5 23. Nxb5 Qd5 24. a4 1/2-1/2

[Event "Hannover Region-ch"]
[Site "Hannover"]
[Date "2007.03.10"]
[Round "5"]
[White "Leon Villagra, Pablo"]
[Black "Heiseke, Gerhard"]
[Result "1-0"]
[WhiteElo "1371"]
[BlackElo "1392"]
[PlyCount "63"]
[EventDate "2007.01.13"]
[EventType "swiss"]
[EventRounds "7"]
[EventCountry "GER"]
[SourceTitle "EXT 2021"]
[Source "ChessBase"]
[SourceDate "2020.10.23"]
[SourceVersion "1"]
[SourceVersionDate "2020.10.23"]
[SourceQuality "1"]

1. e4 d5 2. exd5 Nf6 3. c4 e6 4. dxe6 Bxe6 5. d4 Bd6 6. Nf3 0-0 7. Bd3 Re8 8. 0-0 c6 9. Qc2 Qa5 10. c5 Be7 11. b4 Qc7 12. Nc3 h6 13. Ne5 Nd5 14. Nxd5 Bxd5 15. Bc4 Rd8 16. Bf4 Qc8 17. Rad1 Qe6 18. Rfe1 Qf6 19. Bg3 b6 20. Bxd5 Rxd5 21. Re3 Nd7 22. Nxd7 Rxd7 23. Be5 Qg5 24. Rg3 Qh5 25. Bxg7 Bg5 26. Bf6 bxc5 27. Bxg5 hxg5 28. bxc5 Rd5 29. Rh3 Qg4 30. Qh7+ Kf8 31. Qh8+ Ke7 32. Re1+ 1-0

[Event "Hannover Region-ch"]
[Site "Hannover"]
[Date "2007.01.13"]
[Round "1"]
[White "Leon Villagra, Pablo"]
[Black "Gans, Torsten"]
[Result "0-1"]
[WhiteElo "1371"]
[BlackElo "1751"]
[PlyCount "70"]
[EventDate "2007.01.13"]
[EventType "swiss"]
[EventRounds "7"]
[EventCountry "GER"]
[SourceTitle "EXT 2021"]
[Source "ChessBase"]
[SourceDate "2020.10.23"]
[SourceVersion "1"]
[SourceVersionDate "2020.10.23"]
[SourceQuality "1"]

1. e4 e5 2. Nf3 Nf6 3. Nxe5 d6 4. Nf3 Nxe4 5. Nc3 Nxc3 6. dxc3 Be7 7. Be3 Nc6 8. Qd2 0-0 9. 0-0-0 a6 10. h4 Bg4 11. h5 Bxf3 12. gxf3 Bf6 13. Be2 Qd7 14. Rdg1 Kh8 15. Bg5 Bxg5 16. Qxg5 f6 17. Qd2 Qe6 18. Kb1 Rae8 19. Re1 Qf5 20. Bd3 Qxf3 21. Reg1 Ne5 22. Qe3 Qxe3 23. fxe3 Nxd3 24. cxd3 Rxe3 25. Kc2 h6 26. Rh4 Rfe8 27. Rb4 b6 28. Rbg4 R8e7 29. d4 R3e4 30. Kb3 Rxg4 31. Rxg4 c6 32. a3 Kg8 33. Kb4 Kf7 34. b3 Re3 35. a4 a5+ 0-1